000 00377nam a2200157Ia 4500
001 R-479
003 CODICE-MESSINA
005 20260212102452.0
008 260211s9999 xx 000 0 und d
040 _cimportazione_messina
100 _aLilli Gruber
245 0 _aL'altro
245 0 _bIslam un viaggio della terra deglisciiti
260 _bRizzoli
942 _2ddc
_cBK
999 _c26963
_d26963